[Event "CFriend AH-2003-0-00004 email"]
[Site "Chessfriend.com"]
[Date "2003.09.01"]
[Round "1"]
[White "Heinzer, Ralf"]
[Black "Humphrey, Bruce M"]
[Result "1-0"]
[WhiteElo "1727"]
[BlackElo "1870"]
[PlyCount "39"]
[EventDate "2003.??.??"]
[EventType "tourn (corr)"]
[EventRounds "6"]
[SourceTitle "Corr 2008"]
[Source "ChessBase"]
[SourceDate "2008.06.24"]
[SourceVersion "1"]
[SourceVersionDate "2008.06.24"]
[SourceQuality "1"]

1. d4 Nf6 2. c4 g6 3. Nc3 Bg7 4. e4 d6 5. Nf3 0-0 6. h3 e5 7. Be3 exd4 8. Nxd4 Re8 9. Qc2 Nbd7 10. 0-0-0 c6 11. g4 Qe7 12. f3 Nc5 13. Bf2 Nfd7 14. h4 Ne5 15. g5 a5 16. Be2 Bd7 17. Rdg1 Ne6 18. Qd2 Nxd4 19. Bxd4 f6 20. f4 1-0

[Event "CFriend AH-2003-0-00004 email"]
[Site "Chessfriend.com"]
[Date "2003.09.01"]
[Round "1"]
[White "Humphrey, Bruce M"]
[Black "Boschek, Hans Joachim"]
[Result "0-1"]
[WhiteElo "1870"]
[BlackElo "2161"]
[PlyCount "30"]
[EventDate "2003.??.??"]
[EventType "tourn (corr)"]
[EventRounds "6"]
[SourceTitle "Corr 2008"]
[Source "ChessBase"]
[SourceDate "2008.06.24"]
[SourceVersion "1"]
[SourceVersionDate "2008.06.24"]
[SourceQuality "1"]

1. e4 c5 2. Nf3 e6 3. d4 cxd4 4. Nxd4 Nc6 5. Nc3 Qc7 6. f4 a6 7. Be2 Nxd4 8. Qxd4 b5 9. Be3 Bb7 10. 0-0 Rc8 11. Bf3 Ne7 12. Rad1 Nc6 13. Qd3 d6 14. Kh1 Be7 15. a4 b4 0-1

[Event "CFriend AH-2003-0-00004 email"]
[Site "Chessfriend.com"]
[Date "2003.09.01"]
[Round "1"]
[White "Jeremejev, Artjom"]
[Black "Humphrey, Bruce M"]
[Result "0-1"]
[WhiteElo "2155"]
[BlackElo "1870"]
[PlyCount "34"]
[EventDate "2003.??.??"]
[EventType "tourn (corr)"]
[EventRounds "6"]
[SourceTitle "Corr 2008"]
[Source "ChessBase"]
[SourceDate "2008.06.24"]
[SourceVersion "1"]
[SourceVersionDate "2008.06.24"]
[SourceQuality "1"]

1. e4 e6 2. d4 d5 3. exd5 exd5 4. Bd3 Bd6 5. Ne2 Nc6 6. c3 Qh4 7. Nd2 Bg4 8. Nf1 Nf6 9. Be3 0-0 10. Qd2 Bxe2 11. Qxe2 Rfe8 12. 0-0-0 a6 13. Qd2 Ne4 14. Bxe4 Qxe4 15. f3 Qg6 16. Qc2 Qxc2+ 17. Kxc2 Re6 0-1

[Event "CFriend AC-2003-Q-00005 email"]
[Site "Chessfriend.com"]
[Date "2003.07.01"]
[Round "?"]
[White "Frey Beckman, Kenneth"]
[Black "Humphrey, Bruce M"]
[Result "1-0"]
[WhiteElo "2479"]
[BlackElo "1870"]
[PlyCount "59"]
[EventDate "2003.07.01"]
[EventType "tourn (corr)"]
[EventRounds "10"]
[SourceTitle "Corr 2008"]
[Source "ChessBase"]
[SourceDate "2008.06.24"]
[SourceVersion "1"]
[SourceVersionDate "2008.06.24"]
[SourceQuality "1"]

1. d4 Nf6 2. c4 g6 3. Nc3 Bg7 4. e4 d6 5. Nf3 0-0 6. Be2 e5 7. Be3 Ng4 8. Bg5 f6 9. Bh4 g5 10. Bg3 Nh6 11. h3 Nc6 12. d5 Ne7 13. Qd2 Nf7 14. Nh2 f5 15. exf5 Nxf5 16. 0-0 Nd4 17. Bh5 a6 18. Ne4 h6 19. Ng4 Bf5 20. f3 Nh8 21. Ne3 Bh7 22. Nc2 Nxc2 23. Qxc2 Ng6 24. c5 Nf4 25. Bg4 Bg6 26. Rad1 Qe7 27. Qc4 Rab8 28. Rfe1 b5 29. cxd6 cxd6 30. Qc6 1-0

[Event "CFriend AC-2003-Q-00005 email"]
[Site "Chessfriend.com"]
[Date "2003.07.01"]
[Round "?"]
[White "Humphrey, Bruce M"]
[Black "Kucukali, Arif"]
[Result "1/2-1/2"]
[WhiteElo "1870"]
[BlackElo "2515"]
[PlyCount "22"]
[EventDate "2003.07.01"]
[EventType "tourn (corr)"]
[EventRounds "10"]
[SourceTitle "Corr 2008"]
[Source "ChessBase"]
[SourceDate "2008.06.24"]
[SourceVersion "1"]
[SourceVersionDate "2008.06.24"]
[SourceQuality "1"]

1. e4 e5 2. Nf3 Nf6 3. Nxe5 d6 4. Nf3 Nxe4 5. d4 d5 6. Bd3 Be7 7. 0-0 Nc6 8. Re1 Bg4 9. c4 Nf6 10. cxd5 Nxd5 11. Nc3 0-0 1/2-1/2

[Event "CFriend AC-2003-Q-00005 email"]
[Site "Chessfriend.com"]
[Date "2003.07.01"]
[Round "?"]
[White "Nikel, Rastislav"]
[Black "Humphrey, Bruce M"]
[Result "1-0"]
[WhiteElo "2200"]
[BlackElo "1870"]
[PlyCount "49"]
[EventDate "2003.07.01"]
[EventType "tourn (corr)"]
[EventRounds "10"]
[SourceTitle "Corr 2008"]
[Source "ChessBase"]
[SourceDate "2008.06.24"]
[SourceVersion "1"]
[SourceVersionDate "2008.06.24"]
[SourceQuality "1"]

1. e4 c5 2. Nf3 d6 3. d4 cxd4 4. Nxd4 Nf6 5. Nc3 a6 6. Be3 Ng4 7. Bg5 h6 8. Bh4 g5 9. Bg3 Bg7 10. Be2 h5 11. Bxg4 Bxg4 12. f3 Bd7 13. Bf2 Nc6 14. 0-0 Ne5 15. Nf5 Bxf5 16. exf5 Qc7 17. Nd5 Qc6 18. Qd2 Bh6 19. Rfe1 Rc8 20. f6 Qxc2 21. Qe3 Qxb2 22. Nxe7 Rc2 23. Rab1 Qxa2 24. Rxb7 g4 25. Qa7 1-0

[Event "IECC CL4-2002.30"]
[Site "IECC email"]
[Date "2002.11.02"]
[Round "?"]
[White "Meijer, Wilmar"]
[Black "Humphrey, Bruce M"]
[Result "1-0"]
[WhiteElo "1817"]
[BlackElo "1643"]
[PlyCount "71"]
[EventDate "2002.??.??"]
[EventType "tourn (corr)"]
[EventRounds "4"]
[SourceTitle "Corr 2008"]
[Source "ChessBase"]
[SourceDate "2008.06.24"]
[SourceVersion "1"]
[SourceVersionDate "2008.06.24"]
[SourceQuality "1"]

1. e4 c5 2. Nf3 d6 3. d4 cxd4 4. Nxd4 Nf6 5. f3 g6 6. c4 Bg7 7. Nc3 Nc6 8. Be3 0-0 9. Qd2 a6 10. Be2 Bd7 11. 0-0 Rc8 12. Nxc6 Bxc6 13. b4 Rb8 14. Rfd1 b6 15. Rac1 Qd7 16. b5 axb5 17. cxb5 Ba8 18. e5 Ne8 19. Nd5 Bxd5 20. Qxd5 Qf5 21. exd6 Nxd6 22. Rc6 Ra8 23. Qxf5 Nxf5 24. Bxb6 Rxa2 25. Bc4 Ra4 26. Bf2 Nd6 27. Bf1 Rb8 28. b6 Rb4 29. g3 Bf6 30. Rd2 Rb3 31. Kg2 h5 32. h4 Kf8 33. Rdc2 Ke8 34. Bg1 Rb1 35. Ra2 Kd8 36. Bc5 1-0

[Event "IECC TH-T email"]
[Site "IECC email"]
[Date "2001.03.03"]
[Round "?"]
[White "Humphrey, Bruce M"]
[Black "Jus, Yoann"]
[Result "0-1"]
[WhiteElo "1710"]
[BlackElo "1988"]
[PlyCount "38"]
[EventDate "2001.??.??"]
[EventType "match (corr)"]
[EventRounds "2"]
[SourceTitle "Corr 2008"]
[Source "ChessBase"]
[SourceDate "2008.06.24"]
[SourceVersion "1"]
[SourceVersionDate "2008.06.24"]
[SourceQuality "1"]

1. e4 c5 2. Nf3 d6 3. d4 cxd4 4. Nxd4 Nf6 5. Nc3 a6 6. Bg5 e6 7. f4 b5 8. e5 dxe5 9. fxe5 Qc7 10. exf6 Qe5+ 11. Be2 Qxg5 12. Qd3 Qxf6 13. Rf1 Qe5 14. Rd1 Ra7 15. Nf3 Qc7 16. Ne5 Be7 17. Nxf7 0-0 18. Nd6 Rd8 19. Nce4 Qa5+ 0-1

[Event "IECC TH-T email"]
[Site "IECC email"]
[Date "2001.03.03"]
[Round "?"]
[White "Sakai, Kiyotaka"]
[Black "Humphrey, Bruce M"]
[Result "1-0"]
[WhiteElo "2070"]
[BlackElo "1727"]
[PlyCount "47"]
[EventDate "2001.??.??"]
[EventType "match (corr)"]
[EventRounds "2"]
[SourceTitle "Corr 2008"]
[Source "ChessBase"]
[SourceDate "2008.06.24"]
[SourceVersion "1"]
[SourceVersionDate "2008.06.24"]
[SourceQuality "1"]

1. e4 c5 2. Nf3 d6 3. d4 cxd4 4. Nxd4 Nf6 5. Nc3 a6 6. Bg5 e6 7. f4 Qb6 8. Nb3 Nbd7 9. Qf3 Qc7 10. Bd3 Be7 11. 0-0-0 b5 12. a3 Bb7 13. Qe2 h6 14. Bh4 g5 15. fxg5 Nh7 16. Bg3 hxg5 17. Bxb5 axb5 18. Nxb5 Qc8 19. Bxd6 Ba6 20. N3d4 Qb7 21. Qc4 Bxb5 22. Nxb5 Rc8 23. Qb4 Qc6 24. c3 1-0

[Event "IECC P email"]
[Site "IECC email"]
[Date "1999.10.03"]
[Round "?"]
[White "Maisonneuve, Paul"]
[Black "Humphrey, Bruce M"]
[Result "0-1"]
[WhiteElo "1662"]
[BlackElo "1781"]
[PlyCount "50"]
[EventDate "1999.??.??"]
[EventType "tourn (corr)"]
[EventRounds "6"]
[SourceTitle "Corr 2008"]
[Source "ChessBase"]
[SourceDate "2008.06.24"]
[SourceVersion "1"]
[SourceVersionDate "2008.06.24"]
[SourceQuality "1"]

1. d4 Nf6 2. Nf3 e6 3. Bf4 c5 4. c3 b6 5. e3 Bb7 6. Bd3 d5 7. Nbd2 Nbd7 8. h3 Be7 9. 0-0 0-0 10. Qe2 c4 11. Bc2 b5 12. e4 dxe4 13. Nxe4 Nxe4 14. Bxe4 Bxe4 15. Qxe4 Nf6 16. Qe2 Nd5 17. Bg3 a6 18. Ne5 Bd6 19. Rfe1 Qc7 20. Qg4 Nf6 21. Qg5 Rad8 22. Bh4 Nd5 23. Qg4 Rde8 24. Rac1 f6 25. f4 Nxf4 0-1

[Event "IECC Swiss email"]
[Site "IECC email"]
[Date "1999.09.27"]
[Round "?"]
[White "Humphrey, Bruce M"]
[Black "Sanchez, Javier"]
[Result "1-0"]
[WhiteElo "1774"]
[BlackElo "1563"]
[PlyCount "29"]
[EventDate "1999.??.??"]
[EventType "tourn (corr)"]
[EventRounds "6"]
[SourceTitle "Corr 2008"]
[Source "ChessBase"]
[SourceDate "2008.06.24"]
[SourceVersion "1"]
[SourceVersionDate "2008.06.24"]
[SourceQuality "1"]

1. d4 Nf6 2. c4 e6 3. Nf3 Bb4+ 4. Bd2 Qe7 5. g3 0-0 6. Bg2 d5 7. 0-0 Bd7 8. Qb3 Nc6 9. cxd5 Nxd5 10. e4 Nb6 11. Rc1 Bxd2 12. Nbxd2 Rac8 13. Nc4 Nxc4 14. Qxc4 Rfd8 15. Qb3 1-0

[Event "IECC KO email"]
[Site "IECC email"]
[Date "1999.08.22"]
[Round "?"]
[White "Da Rocha, Pablo"]
[Black "Humphrey, Bruce M"]
[Result "1-0"]
[WhiteElo "1619"]
[BlackElo "1787"]
[PlyCount "33"]
[EventDate "1999.??.??"]
[EventType "tourn (corr)"]
[EventRounds "6"]
[SourceTitle "Corr 2008"]
[Source "ChessBase"]
[SourceDate "2008.06.24"]
[SourceVersion "1"]
[SourceVersionDate "2008.06.24"]
[SourceQuality "1"]

1. e4 c5 2. Nf3 d6 3. d4 cxd4 4. Nxd4 Nf6 5. Nc3 a6 6. Bc4 e6 7. Bb3 b5 8. 0-0 Be7 9. a3 Bb7 10. Re1 Nc6 11. Nxc6 Bxc6 12. Bf4 0-0 13. Qd3 Nh5 14. Be3 Nf6 15. Rad1 Nxe4 16. Nxe4 Bxe4 17. Qxe4 1-0

[Event "IECC Quad-653 email"]
[Site "IECC email"]
[Date "1998.12.12"]
[Round "?"]
[White "Humphrey, Bruce M"]
[Black "Perez, Maria Jose"]
[Result "1/2-1/2"]
[WhiteElo "1840"]
[BlackElo "1825"]
[PlyCount "40"]
[EventDate "1998.??.??"]
[EventType "tourn (corr)"]
[EventRounds "6"]
[SourceTitle "Corr 2008"]
[Source "ChessBase"]
[SourceDate "2008.06.24"]
[SourceVersion "1"]
[SourceVersionDate "2008.06.24"]
[SourceQuality "1"]

1. c4 c5 2. Nc3 Nc6 3. g3 g6 4. Bg2 Bg7 5. e3 e5 6. Nge2 Nge7 7. 0-0 0-0 8. d3 d6 9. Nd5 Be6 10. Nec3 a6 11. a3 Rb8 12. Nxe7+ Nxe7 13. e4 b5 14. cxb5 axb5 15. Bg5 h6 16. Be3 Nc6 17. Rb1 Nd4 18. b4 Qd7 19. Qd2 Qa7 20. Qb2 Qd7 1/2-1/2

[Event "IECC Quad-653 email"]
[Site "IECC email"]
[Date "1998.12.12"]
[Round "?"]
[White "Raijmaekers, Kees"]
[Black "Humphrey, Bruce M"]
[Result "1-0"]
[WhiteElo "1992"]
[BlackElo "1850"]
[PlyCount "49"]
[EventDate "1998.??.??"]
[EventType "tourn (corr)"]
[EventRounds "6"]
[SourceTitle "Corr 2008"]
[Source "ChessBase"]
[SourceDate "2008.06.24"]
[SourceVersion "1"]
[SourceVersionDate "2008.06.24"]
[SourceQuality "1"]

1. d4 Nf6 2. c4 g6 3. Nc3 Bg7 4. Nf3 0-0 5. g3 d6 6. Bg2 Nc6 7. 0-0 a6 8. h3 e5 9. d5 Ne7 10. Bg5 Bd7 11. c5 dxc5 12. Nxe5 Rb8 13. d6 cxd6 14. Qxd6 Bf5 15. Qxc5 Rc8 16. Qb4 Qc7 17. Bf4 Qc5 18. Qxc5 Rxc5 19. Nd3 Rxc3 20. bxc3 Nfd5 21. e4 Nxf4 22. Nxf4 Bc8 23. Rac1 Nc6 24. Rfd1 Ne5 25. c4 1-0

[Event "IECC Quad-653 email"]
[Site "IECC email"]
[Date "1998.12.12"]
[Round "?"]
[White "Stein, Rick"]
[Black "Humphrey, Bruce M"]
[Result "1-0"]
[WhiteElo "1943"]
[BlackElo "1791"]
[PlyCount "99"]
[EventDate "1998.??.??"]
[EventType "tourn (corr)"]
[EventRounds "6"]
[SourceTitle "Corr 2008"]
[Source "ChessBase"]
[SourceDate "2008.06.24"]
[SourceVersion "1"]
[SourceVersionDate "2008.06.24"]
[SourceQuality "1"]

1. e4 c5 2. Nf3 d6 3. d4 cxd4 4. Nxd4 Nf6 5. Nc3 a6 6. Be2 e5 7. Nb3 Be7 8. Bg5 Be6 9. 0-0 Nc6 10. Qd2 0-0 11. Rad1 Rc8 12. Rfe1 Bxb3 13. axb3 Nd4 14. Be3 Nxe2+ 15. Qxe2 Qc7 16. Bg5 Rfe8 17. Qf3 Qd7 18. Bxf6 Bxf6 19. Nd5 Qe6 20. Nxf6+ Qxf6 21. Qxf6 gxf6 22. c3 Rcd8 23. Re3 Kf8 24. Rh3 Kg7 25. Rdd3 h6 26. Rh5 Re6 27. Rg3+ Kf8 28. Rxh6 Ke7 29. Rh7 b5 30. Rgg7 Rf8 31. Rh3 Kd7 32. Rgh7 Ree8 33. Rf3 Re6 34. b4 Ke7 35. Rd3 Kd7 36. h4 Ree8 37. Rf3 Re6 38. b3 Ke7 39. Rh3 Rc8 40. Rg3 Rf8 41. Kf1 Kd7 42. Ke2 Ree8 43. Rf3 Ke7 44. Rh6 Rg8 45. Rhxf6 Ref8 46. g3 Rg6 47. Rxg6 fxg6 48. Rxf8 Kxf8 49. c4 Ke7 50. g4 1-0